[Event "Novgorod"]
[Site "Novgorod RUS"]
[Date "1996.??.??"]
[Round "7"]
[White "Topalov, Veselin"]
[Black "Polgar, Judit"]
[Result "1-0"]
[WhiteElo "2750"]
[BlackElo "2665"]
[EventDate "1996.07.??"]

1.e4 c5 2.Cf3 e6 3.d4 cxd4 4.Cxd4 Cc6 5.Cc3 Dc7 6.Fe3 a6 7.Fd3 b5 8.Cxc6 
Dxc6 9.O-O Fb7 10.a3 Cf6 11.Te1 Fe7 12.Df3 d6 13.Dh3 h5 14.Fg5 Dc5 15.Fe3 
Dc6 16.f3 g5 17.a4 b4 18.Ca2 g4 19.fxg4 d5 20.c3 bxc3 21.bxc3 Cxg4 22.Fd4 
Fc5 23.Fe2 Cf6 24.e5 Ce4 25.Cb4 Fxd4+ 26.cxd4 Db6 27.Cc2 Tc8 28.Tab1 Da7 
29.Fd3 Tg8 30.a5 Fc6 31.Tb6 Fb5 32.Fxe4 dxe4 33.Txe6+ Rf8 34.Da3+ Rg7 35.
Te7 Tc7 36.Txc7 Dxc7 37.Ce3 Rh8 38.Tc1 Dd8 39.d5 Dg5 40.Dc3 Rh7 41.Dd4 Fd3
42.d6 h4 43.Tc7 Tb8 44.Txf7+ Rg8 45.e6 Dxe3+ 46.Dxe3 Tb1+ 47.Dc1 Txc1+ 48.
Rf2 Tc6 49.Td7 Fb5 50.Re3 Tc2 51.Tc7 Te2+ 52.Rf4 Tf2+ 53.Rxe4 Te2+ 54.Rf5 
Tf2+ 55.Re5 Te2+ 56.Rf6 Tf2+ 57.Re7 Te2 58.d7 Fxd7 59.Rxd7 Td2+ 60.Re8 1-0

[Event "Novgorod"]
[Site "Novgorod RUS"]
[Date "1996.??.??"]
[Round "9"]
[White "Topalov, Veselin"]
[Black "Gelfand, Boris"]
[Result "1/2-1/2"]
[WhiteElo "2750"]
[BlackElo "2665"]
[EventDate "1996.07.??"]

1.Cf3 Cf6 2.c4 g6 3.Cc3 Fg7 4.e4 d6 5.d4 O-O 6.Fe2 e5 7.O-O Cc6 8.d5 Ce7 
9.b4 Ch5 10.Te1 f5 11.Cg5 Cf6 12.Ff3 fxe4 13.Ccxe4 Cf5 14.Cxf6+ Fxf6 15.
Ce4 Cd4 16.Fe3 Cxf3+ 17.Dxf3 Fh4 18.De2 Ff5 19.Cc3 Fg5 20.a3 Fxe3 21.Dxe3 
Tf7 22.c5 1/2-1/2

[Event "Novgorod"]
[Site "Novgorod RUS"]
[Date "1996.??.??"]
[Round "10"]
[White "Short, Nigel D"]
[Black "Topalov, Veselin"]
[Result "1/2-1/2"]
[WhiteElo "2695"]
[BlackElo "2750"]
[EventDate "1996.07.??"]

1.e4 c5 2.Cf3 d6 3.d4 cxd4 4.Cxd4 Cf6 5.Cc3 g6 6.Fe3 Fg7 7.f3 O-O 8.Dd2 
Cc6 9.Fc4 Fd7 10.O-O-O Tc8 11.Fb3 Cxd4 12.Fxd4 b5 13.Cd5 Cxd5 14.Fxd5 Fxd4
15.Dxd4 Dc7 16.c3 a5 17.Rb1 Dc5 18.The1 Tfd8 19.a3 Dxd4 20.Txd4 Rf8 21.Te3
Tc7 22.g3 Tb8 23.f4 Fc6 24.Fxc6 Txc6 25.e5 dxe5 26.Txe5 e6 27.a4 bxa4 28.
Ra2 Tcb6 29.Td2 Ta6 30.Te4 Tb5 31.Txa4 Tab6 32.c4 Tb4 33.Txb4 Txb4 34.b3 
a4 35.Ra3 Txb3+ 36.Rxa4 Tc3 37.Rb4 Tc1 38.c5 Re7 39.Rb5 f6 40.c6 e5 41.
fxe5 fxe5 42.Rb6 e4 43.Td7+ Rf6 44.Td8 e3 45.Te8 Tb1+ 46.Ra7 Ta1+ 47.Rb7 
Tb1+ 1/2-1/2

[Event "Millenium"]
[Site "Vienna AUT"]
[Date "1996.??.??"]
[Round "2"]
[White "Topalov, Veselin"]
[Black "Polgar, Judit"]
[Result "1/2-1/2"]
[WhiteElo "2750"]
[BlackElo "2665"]
[EventDate "1996.08.09"]

1.e4 c5 2.Cf3 e6 3.d4 cxd4 4.Cxd4 Cc6 5.Cc3 Dc7 6.g3 a6 7.Fg2 Cf6 8.O-O d6
9.Te1 Tb8 10.Cxc6 bxc6 11.e5 dxe5 12.Txe5 Dxe5 13.Ff4 Dc5 14.Fxb8 Fe7 15.
Ff4 O-O 16.Ca4 Db5 17.b3 e5 18.c4 Db8 19.Fe3 e4 20.Ff4 Da7 21.Dc2 Ff5 22.
h3 h5 23.Td1 Te8 24.De2 Db7 25.Rh2 Dc8 26.Fd6 h4 27.Fxe7 Txe7 28.Cb6 Dc7 
29.De3 hxg3+ 30.fxg3 Fg4 31.Td2 Ff3 32.c5 Fxg2 33.Rxg2 De5 34.b4 Da1 35.a3
Te5 36.g4 Rh7 37.Tf2 Dd1 38.Tf1 Dc2+ 39.Tf2 Dd1 40.Tf1 Dc2+ 41.Tf2 1/2-1/2

[Event "Millenium"]
[Site "Vienna AUT"]
[Date "1996.??.??"]
[Round "3"]
[White "Jussupow, Artur"]
[Black "Topalov, Veselin"]
[Result "1/2-1/2"]
[WhiteElo "2665"]
[BlackElo "2750"]
[EventDate "1996.08.09"]

1.d4 Cf6 2.c4 c5 3.d5 b5 4.cxb5 a6 5.bxa6 g6 6.Cc3 Fxa6 7.g3 d6 8.Ch3 Fg7 
9.Cf4 Cbd7 10.h4 h5 11.Fh3 O-O 12.Dc2 Ce5 13.O-O Db6 14.Tb1 Fc8 15.Fxc8 
Tfxc8 16.b3 Cfg4 17.Rg2 c4 18.Ce4 Da7 19.a3 cxb3 20.Dxb3 Cc4 21.Cg5 Cxa3 
22.Dxa3 Dxa3 23.Fxa3 Txa3 1/2-1/2

[Event "Millenium"]
[Site "Vienna AUT"]
[Date "1996.??.??"]
[Round "4"]
[White "Ehlvest, Jaan"]
[Black "Topalov, Veselin"]
[Result "0-1"]
[WhiteElo "2660"]
[BlackElo "2750"]
[EventDate "1996.08.09"]

1.d4 Cf6 2.Cf3 g6 3.c4 Fg7 4.Cc3 O-O 5.e4 d6 6.Fe2 e5 7.Fe3 c6 8.d5 Ca6 9.
a3 Ch5 10.g3 cxd5 11.Cxd5 Cf6 12.Cxf6+ Dxf6 13.b4 De7 14.O-O b6 15.Da4 Cc7
16.Dc6 Fa6 17.Tfd1 Tfd8 18.Tac1 Ce6 19.Da4 Fb7 20.Dc2 Tf8 21.Ch4 Cd4 22.
Fxd4 exd4 23.Fd3 Tae8 24.Rf1 Dd7 25.Te1 f5 26.exf5 g5 27.Cg2 Dc6 28.f3 
Dxf3+ 29.Rg1 Te3 30.Txe3 dxe3 31.Tf1 Dg4 32.f6 Txf6 33.Txf6 Fxf6 34.Fxh7+ 
Rh8 35.Fd3 Fd4 36.De2 Ff3 0-1

[Event "Millenium"]
[Site "Vienna AUT"]
[Date "1996.??.??"]
[Round "5"]
[White "Topalov, Veselin"]
[Black "Leko, Peter"]
[Result "0-1"]
[WhiteElo "2750"]
[BlackElo "2630"]
[EventDate "1996.08.09"]

1.e4 c6 2.d4 d5 3.exd5 cxd5 4.c4 Cf6 5.Cc3 Cc6 6.Fg5 Fe6 7.a3 Dd7 8.Fxf6 
gxf6 9.g3 O-O-O 10.Fg2 Fg4 11.f3 Fe6 12.c5 Ff5 13.b4 e5 14.Cge2 De6 15.
dxe5 d4 16.Ce4 d3 17.Cf4 d2+ 18.Rf2 Dc4 19.Fh3 Fxh3 20.Cxh3 Dd4+ 21.Rg2 
Cxe5 22.Db3 Cc4 23.Thd1 f5 24.Ceg5 Td7 25.f4 Fg7 26.Cf2 Dd5+ 27.Cf3 Fxa1 
28.Txa1 Te8 0-1

[Event "Millenium"]
[Site "Vienna AUT"]
[Date "1996.??.??"]
[Round "9"]
[White "Topalov, Veselin"]
[Black "Gelfand, Boris"]
[Result "1/2-1/2"]
[WhiteElo "2750"]
[BlackElo "2665"]
[EventDate "1996.08.09"]

1.Cf3 Cf6 2.c4 e6 3.Cc3 d5 4.d4 Fe7 5.Ff4 O-O 6.e3 c5 7.dxc5 Fxc5 8.a3 Cc6
9.Fe2 dxc4 10.Fxc4 Ch5 11.Dxd8 Txd8 12.Fc7 Td7 13.Fe5 Cxe5 14.Cxe5 Td8 15.
O-O Cf6 16.Tfd1 Fd7 17.Cxd7 Txd7 18.Txd7 Cxd7 19.Td1 Cf6 20.Rf1 1/2-1/2

[Event "Simul"]
[Site "Frankfurt GER"]
[Date "1997.??.??"]
[Round "?"]
[White "Topalov, Veselin"]
[Black "Bloessl, Walter"]
[Result "0-1"]
[WhiteElo "2725"]
[BlackElo "2180"]
[EventDate "1997.??.??"]

1.Cf3 Cf6 2.d4 g6 3.c4 Fg7 4.Cc3 d6 5.e4 O-O 6.Fe2 e5 7.Fe3 c6 8.d5 Cg4 9.
Fg5 f6 10.Fh4 Ca6 11.O-O Ch6 12.Ce1 Cf7 13.Cd3 c5 14.a3 Fd7 15.b4 b6 16.
Tb1 Dc8 17.Db3 h5 18.f3 Rh7 19.Ff2 Fh6 20.Da2 Cc7 21.a4 a5 22.bxa5 bxa5 
23.Db3 Ca6 24.Cb5 f5 25.exf5 Fxf5 26.h3 Cb4 27.Tbe1 Cxd3 28.Fxd3 Fxh3 29.
Fh4 Dd7 30.f4 Fxg2 31.Fxg6+ Rxg6 32.f5+ Rh7 33.Rxg2 Tg8+ 34.Rh1 Tg4 35.Dh3
Ff4 36.Cc3 Dxf5 37.Tf3 Tag8 38.Ff2 Dg6 39.Ce4 Cg5 40.Cxg5+ 0-1

[Event "Simul"]
[Site "Frankfurt GER"]
[Date "1997.??.??"]
[Round "?"]
[White "Topalov, Veselin"]
[Black "Koch, Hans Juergen"]
[Result "1-0"]
[WhiteElo "2725"]
[BlackElo "2075"]
[EventDate "1997.??.??"]

1.Cf3 d6 2.d4 e6 3.e4 Cd7 4.Cc3 Fe7 5.Fc4 c6 6.O-O b5 7.Fb3 Cb6 8.a4 b4 9.
Ce2 a5 10.Cg3 g6 11.Dd2 Fa6 12.Te1 Fc4 13.Fxc4 Cxc4 14.Dd3 Cb6 15.Cf1 h6 
16.c4 Cc8 17.b3 g5 18.d5 exd5 19.cxd5 Cb6 20.Cg3 Rf8 21.Fe3 Cf6 22.Tac1 
Cg4 23.Cf5 Cxe3 24.fxe3 g4 25.Cd2 f6 26.Tc2 Rf7 27.Txc6 Rg6 1-0

[Event "Simul"]
[Site "Tenerife"]
[Date "1997.??.??"]
[Round "1"]
[White "Topalov, Veselin"]
[Black "Abreu, Jorge D"]
[Result "1-0"]
[WhiteElo "2745"]
[BlackElo "2385"]
[EventDate "1997.??.??"]

1.Cf3 Cf6 2.c4 c5 3.Cc3 Cc6 4.d4 cxd4 5.Cxd4 g6 6.e4 d6 7.Fe2 Fg7 8.Fe3 
O-O 9.O-O a6 10.Dd2 Tb8 11.f3 Cxd4 12.Fxd4 Da5 13.Tab1 Fe6 14.b4 Dh5 15.f4
Fg4 16.Fxg4 Cxg4 17.h3 Fxd4+ 18.Dxd4 Cf6 19.e5 dxe5 20.fxe5 Tbd8 21.De3 
Cd7 22.Tbe1 f5 23.Cd5 Tfe8 24.Cxe7+ Rh8 25.e6 Cf6 26.Cxg6+ 1-0

[Event "Simul"]
[Site "Tenerife"]
[Date "1997.??.??"]
[Round "7"]
[White "Topalov, Veselin"]
[Black "Moreira Romero, Jairo"]
[Result "0-1"]
[WhiteElo "2745"]
[BlackElo "2180"]
[EventDate "1997.??.??"]

1.Cf3 e6 2.c4 d5 3.d4 Cf6 4.Cc3 Fb4 5.Fg5 O-O 6.e3 c6 7.Tc1 h6 8.Fxf6 Dxf6
9.Fd3 Cd7 10.O-O Td8 11.Db3 De7 12.a3 Fa5 13.Tfd1 Cf6 14.Dc2 Fd7 15.b4 Fc7
16.Db2 Tac8 17.h3 Ce8 18.a4 Cf6 19.Ce5 Fb8 20.f4 dxc4 21.Fxc4 Cd5 22.Fxd5 
exd5 23.Te1 Fd6 24.Cxd7 Dxd7 25.Cd1 De7 26.Cf2 Fxb4 27.Te2 Fa3 0-1

[Event "It"]
[Site "Dos Hermanas ESP"]
[Date "1997.??.??"]
[Round "2"]
[White "Short, Nigel D"]
[Black "Topalov, Veselin"]
[Result "0-1"]
[WhiteElo "2690"]
[BlackElo "2725"]
[EventDate "1997.04.01"]

1.e4 c5 2.Cc3 e6 3.f4 Cc6 4.Cf3 d5 5.Fb5 Ce7 6.Ce5 Fd7 7.Cxd7 Dxd7 8.exd5 
exd5 9.O-O O-O-O 10.a3 Cf5 11.Fe2 c4 12.Ff3 Fc5+ 13.Rh1 h5 14.Fxd5 h4 15.
h3 Cg3+ 16.Rh2 Cxf1+ 17.Dxf1 The8 18.Fxc4 Dd4 19.d3 Df2 20.Dxf2 Fxf2 21.
Fd2 f5 22.Fb5 Td6 23.Tf1 Fg3+ 24.Rg1 a6 25.Fxc6 Txc6 26.Tc1 b5 27.Rf1 Tce6
28.Td1 Rb7 29.d4 Td6 30.d5 Rb6 31.b4 Rb7 32.Fc1 Td7 33.Ce2 Ted8 34.Cc3 Tc8
35.Td3 Te7 36.Fe3 Tce8 37.Cd1 Te4 38.d6 Rc6 39.d7 Td8 40.Cc3 Te6 41.Ce2 
Txd7 42.Tc3+ Rb7 43.Cxg3 hxg3 44.Re2 Tc7 45.Txc7+ Rxc7 46.Rf3 Rd7 47.Fd4 
Tg6 48.Re3 Re8 49.Rf3 Rf7 50.c3 Re6 51.Re3 Rd5 52.Rd3 Te6 53.Fxg7 Te1 54.
Fd4 Re6 55.Rd2 Ta1 56.Re2 Txa3 57.Fe5 a5 58.bxa5 Txa5 59.h4 Ta3 60.h5 Rf7 
61.Fd4 Rg8 62.h6 Rh7 63.Fg7 Rg6 64.Rd2 Ta2+ 65.Re3 Tf2 0-1

[Event "It"]
[Site "Dos Hermanas ESP"]
[Date "1997.04.05"]
[Round "4"]
[White "Salov, Valery"]
[Black "Topalov, Veselin"]
[Result "1-0"]
[WhiteElo "2665"]
[BlackElo "2725"]
[EventDate "1997.04.01"]

1.d4 g6 2.e4 d6 3.c3 Cf6 4.Fd3 Fg7 5.Cf3 O-O 6.O-O Cc6 7.Te1 Fg4 8.Cbd2 e5
9.h3 Fd7 10.dxe5 Cxe5 11.Cxe5 dxe5 12.Cc4 Te8 13.a4 Ch5 14.Ff1 Cf4 15.Fe3 
De7 16.Rh2 a5 17.Dc2 h5 18.Tad1 h4 19.Td2 Fc6 20.Ca3 Ted8 21.Fb5 Txd2 22.
Fxd2 Fxb5 23.Cxb5 Ce6 24.Ca3 Ff6 25.Cc4 Fg5 26.Fe3 Ff4+ 27.Rg1 Fxe3 28.
Cxe3 Td8 29.Td1 c6 30.Rf1 Rg7 31.Cg4 Txd1+ 32.Dxd1 Cc5 33.Dc2 Dg5 34.b4 
axb4 35.cxb4 Ce6 36.Dc3 f6 37.De3 Rf7 38.Re1 Dxe3+ 39.Cxe3 Cf4 40.Rd2 Re6 
41.a5 f5 42.f3 Ch5 43.Rd3 Cf6 44.Cd1 Rd6 45.Cb2 Ch5 46.Cc4+ Re6 47.Rc3 Cg3
48.Rd3 Ch5 49.Ce3 Cf6 50.Cf1 Cd7 51.Cd2 Rf6 52.Cb3 Rg5 53.Re3 Rf6 54.Cc1 
Re7 55.Rd3 Rd6 56.Cb3 Rc7 57.Cd2 Rd6 58.Cc4+ Re6 59.Cb2 Rd6 60.Ca4 Rc7 61.
Cb2 Rd6 62.Cc4+ Re6 63.Re3 Cf6 64.Cb2 Cd7 65.Cd3 Rd6 66.f4 fxe4 67.fxe5+ 
Cxe5 68.Cc5 Rd5 69.Cxb7 Cc4+ 70.Re2 Ca3 71.a6 Cb5 72.Re3 Ca7 73.Ca5 g5 74.
Cb7 Rc4 75.Rxe4 Rxb4 76.Rf5 Rb5 77.Rxg5 Rxa6 78.Cd6 c5 79.Rxh4 Cb5 80.Cc4 
Cd4 81.Rg5 Rb5 82.Ce3 c4 83.h4 c3 84.h5 Ce6+ 85.Rf5 Cg7+ 86.Rg6 Ce6 87.Rf5
Cg7+ 88.Rg4 Ce6 89.h6 Cf8 90.Rf5 Rc5 91.g4 1-0

[Event "It"]
[Site "Dos Hermanas ESP"]
[Date "1997.??.??"]
[Round "6"]
[White "Gelfand, Boris"]
[Black "Topalov, Veselin"]
[Result "1/2-1/2"]
[WhiteElo "2700"]
[BlackElo "2725"]
[EventDate "1997.04.01"]

1.d4 Cf6 2.Cf3 g6 3.c4 Fg7 4.Cc3 O-O 5.e4 d6 6.Fe2 e5 7.Fe3 exd4 8.Cxd4 
Te8 9.f3 c6 10.Ff2 d5 11.exd5 cxd5 12.O-O Cc6 13.c5 Ch5 14.Dd2 Fe5 15.g3 
Cg7 16.Tfd1 a6 17.Ff1 Fe6 18.Cxe6 fxe6 19.f4 Ff6 20.Tab1 g5 21.Ce2 Tf8 22.
b4 gxf4 23.gxf4 Fh4 24.Fg3 Tc8 25.Tb3 Tc7 26.Fh3 Cf5 27.Fxf5 Txf5 28.Fxh4 
Dxh4 29.Tg3+ Tg7 30.Txg7+ Rxg7 31.Cg3 Dg4 32.Tf1 Tf6 33.a4 Ce7 34.De2 Tg6 
35.Dxg4 Txg4 36.b5 axb5 37.axb5 Rf7 38.Rh1 1/2-1/2

[Event "It"]
[Site "Dos Hermanas ESP"]
[Date "1997.??.??"]
[Round "7"]
[White "Topalov, Veselin"]
[Black "Illescas Cordoba, Miguel"]
[Result "1-0"]
[WhiteElo "2725"]
[BlackElo "2635"]
[EventDate "1997.04.01"]

1.d4 Cf6 2.c4 e6 3.Cf3 b6 4.g3 Fa6 5.b3 Fb7 6.Fg2 Fb4+ 7.Fd2 a5 8.O-O O-O 
9.Dc2 Fxd2 10.Cbxd2 d5 11.Tfd1 Ca6 12.cxd5 exd5 13.Cf1 Ce4 14.Ce5 De7 15.
Fxe4 dxe4 16.a3 c5 17.Cc4 Tad8 18.d5 b5 19.d6 De6 20.Cxa5 Fa8 21.a4 bxa4 
22.bxa4 Txd6 23.Txd6 Dxd6 24.Td1 Dc7 25.Dc3 Td8 26.Txd8+ Dxd8 27.Cb3 h6 
28.Ce3 Dc8 29.h4 h5 30.a5 g6 31.Df6 Dc6 32.Dd8+ Rg7 33.Cd2 Cc7 34.Cdc4 Ce6
35.Db8 Da6 36.Cd6 Fc6 37.Db6 Da8 38.a6 Cd4 39.Rf1 Ce6 40.a7 1-0

[Event "It"]
[Site "Dos Hermanas ESP"]
[Date "1997.04.10"]
[Round "8"]
[White "Polgar, Judit"]
[Black "Topalov, Veselin"]
[Result "1/2-1/2"]
[WhiteElo "2645"]
[BlackElo "2725"]
[EventDate "1997.04.01"]

1.e4 e5 2.Cf3 Cc6 3.Fb5 a6 4.Fa4 Cf6 5.O-O Fc5 6.c3 b5 7.Fc2 d6 8.a4 Fg4 
9.h3 Fh5 10.axb5 axb5 11.Txa8 Dxa8 12.d3 O-O 13.b4 Fb6 14.Ca3 Da6 15.Fb3 
Cd8 16.g4 Fg6 17.Ch4 Ce6 18.Cf5 c5 19.Cc2 Fd8 20.c4 cxb4 21.Cxb4 Db6 22.
Fe3 Cc5 23.Db1 Fxf5 24.gxf5 Db7 25.Fa2 g6 26.Fh6 Te8 27.cxb5 Dxb5 28.Rh2 
Dd7 29.Tg1 Rh8 30.Fc4 Tg8 31.Cd5 gxf5 32.Cxf6 Fxf6 33.Txg8+ Rxg8 34.exf5 
Db7 35.Da2 De7 36.Fxf7+ Rh8 37.Fc4 Dd8 38.Da7 e4 39.Df7 Cxd3 40.Fd5 Ce5 
41.Db7 De7 42.Dc8+ Dd8 43.Db7 De7 44.Db1 Cd7 45.Rh1 Fg7 46.Fe3 Cf6 47.Fe6 
De8 48.Fd4 Da8 49.Rg1 Dd8 50.Db2 Df8 51.Rf1 Dd8 52.Dc3 Df8 53.h4 h6 54.Db3
Ch7 55.Fe3 Cf6 56.Dc4 Dd8 57.Dc6 De7 58.Fb6 Rh7 59.Re1 Rh8 60.Dc8+ De8 61.
Fd8 Cg4 62.Fd7 Dg8 63.Fe6 De8 64.Dc7 Db5 65.Fg5 De8 66.Fd2 Ce5 67.Rf1 Cf3 
68.Fc3 Cd4 69.Fxd4 Fxd4 70.Dc4 Fg7 71.Dxe4 Df8 72.Rg2 Ff6 73.Rh3 Fg7 74.
Dc6 Ff6 75.Rg4 Fe7 76.Rh5 Rh7 77.Dc4 Df6 78.Dg4 Dg7 79.De4 Df6 80.f3 Fd8 
81.Dg4 Dg7 82.Dxg7+ 1/2-1/2

[Event "Novgorod"]
[Site "Novgorod RUS"]
[Date "1997.??.??"]
[Round "3"]
[White "Gelfand, Boris"]
[Black "Topalov, Veselin"]
[Result "1-0"]
[WhiteElo "2700"]
[BlackElo "2725"]
[EventDate "1997.06.11"]

1.d4 Cf6 2.Cf3 e6 3.c4 b6 4.Cc3 Fb7 5.a3 d5 6.Fg5 Fe7 7.Da4+ c6 8.Fxf6 
Fxf6 9.cxd5 exd5 10.g3 O-O 11.Fg2 c5 12.Td1 De7 13.O-O Td8 14.e3 Ca6 15.
Td2 Cc7 16.Tfd1 Ce6 17.h4 g6 18.Db3 h5 19.Da2 a6 20.dxc5 Fxc3 21.bxc3 Dxc5
22.Cd4 Cxd4 23.cxd4 Dd6 24.Tc1 Tac8 25.Tdc2 Txc2 26.Txc2 Fc6 27.Tc3 Fb5 
28.Db2 De6 29.Dc1 Fc4 30.e4 b5 31.e5 Te8 32.Rh2 Db6 33.Df4 Tf8 34.Tf3 a5 
35.Fh3 Fe2 36.Te3 Fc4 37.Tf3 Fe2 38.Te3 Fc4 39.Dg5 Dxd4 40.e6 Db2 41.Tf3 
d4 42.Txf7 1-0

[Event "Novgorod"]
[Site "Novgorod RUS"]
[Date "1997.06.15"]
[Round "4"]
[White "Topalov, Veselin"]
[Black "Bareev, Evgeny"]
[Result "1-0"]
[WhiteElo "2725"]
[BlackElo "2665"]
[EventDate "1997.06.11"]

1.e4 e6 2.d4 d5 3.e5 c5 4.c3 Fd7 5.Cf3 Cc6 6.Fe2 Ch6 7.Fxh6 gxh6 8.O-O Db6
9.Dd2 Fg7 10.Ca3 O-O 11.Cc2 cxd4 12.cxd4 f6 13.exf6 Txf6 14.b4 Taf8 15.b5 
Ce7 16.Ce5 Fe8 17.g3 h5 18.a4 h4 19.Fd3 hxg3 20.hxg3 h5 21.Ce3 Fh6 22.a5 
Dd8 23.f4 Rh8 24.Dh2 Dd6 25.a6 b6 26.Tab1 Dc7 27.Cc2 Dc3 28.Tf3 Dc7 29.
Tbf1 Cg6 30.Dxh5 Dg7 31.Cxg6+ Fxg6 32.Fxg6 Txg6 33.De5 Tc8 34.Cb4 Tc4 35.
Cc6 Rh7 36.Dxg7+ Txg7 37.Rg2 1-0

[Event "Novgorod"]
[Site "Novgorod RUS"]
[Date "1997.06.16"]
[Round "5"]
[White "Short, Nigel D"]
[Black "Topalov, Veselin"]
[Result "0-1"]
[WhiteElo "2690"]
[BlackElo "2725"]
[EventDate "1997.06.11"]

1.e4 c5 2.Cf3 d6 3.d4 cxd4 4.Cxd4 Cf6 5.Cc3 a6 6.Fe3 Cg4 7.Fg5 h6 8.Fh4 g5
9.Fg3 Fg7 10.Fe2 h5 11.Fxg4 Fxg4 12.f3 Fd7 13.Ff2 Cc6 14.O-O e6 15.Cxc6 
Fxc6 16.Fd4 Fe5 17.Dd2 Df6 18.Fxe5 dxe5 19.a4 O-O 20.b3 Tfd8 21.De3 Df4 
22.Dxf4 gxf4 23.Tfd1 h4 24.Txd8+ Txd8 25.Td1 Tc8 26.Td2 Rf8 27.Cd1 Re7 28.
Cf2 f5 29.Rf1 fxe4 30.fxe4 a5 31.Re2 Fe8 32.Rd1 Fh5+ 33.Rc1 Tg8 34.Cd3 h3 
35.gxh3 Tg1+ 36.Rb2 Ff3 37.Cxe5 Fxe4 38.Tf2 Rf6 39.Cc4 Rg5 40.h4+ Rg4 41.
h5 f3 42.h6 Rf4 43.Cd2 Tg6 44.h7 Th6 45.h8=D Txh8 0-1

[Event "Novgorod"]
[Site "Novgorod RUS"]
[Date "1997.??.??"]
[Round "8"]
[White "Topalov, Veselin"]
[Black "Gelfand, Boris"]
[Result "0-1"]
[WhiteElo "2725"]
[BlackElo "2700"]
[EventDate "1997.06.11"]

1.c4 Cf6 2.Cc3 e5 3.Cf3 Cc6 4.g3 Fb4 5.Fg2 O-O 6.O-O e4 7.Cg5 Fxc3 8.bxc3 
Te8 9.f3 e3 10.dxe3 b6 11.e4 h6 12.Cxf7 Rxf7 13.f4 Rg8 14.e5 Ch7 15.Fa3 
Fb7 16.Fe4 Rh8 17.Fc2 Cxe5 18.fxe5 Txe5 19.Fxh7 Rxh7 20.c5 De8 21.Dd3+ Fe4
22.Dd2 De6 23.Tf2 bxc5 24.Taf1 Te8 25.c4 Dh3 26.Fb2 Tg5 27.Dc3 Te6 28.De3 
Tg4 29.Tc1 h5 0-1

[Event "Novgorod"]
[Site "Novgorod RUS"]
[Date "1997.06.22"]
[Round "9"]
[White "Topalov, Veselin"]
[Black "Short, Nigel D"]
[Result "0-1"]
[WhiteElo "2725"]
[BlackElo "2690"]
[EventDate "1997.06.11"]

1.e4 c5 2.Cf3 e6 3.d4 cxd4 4.Cxd4 Db6 5.Cc3 Fc5 6.Ca4 Da5+ 7.c3 Fxd4 8.
Dxd4 Cf6 9.Cc5 Cc6 10.De3 O-O 11.Cb3 Da4 12.Fd3 b6 13.O-O Fa6 14.Fxa6 Dxa6
15.Te1 d5 16.e5 Cd7 17.Dg3 Rh8 18.Cd4 Tac8 19.Cxc6 Txc6 20.Fg5 Tfc8 21.Df3
Rg8 22.a3 Db5 23.Te2 h6 24.Ff4 Tc4 25.Td2 Te4 26.Dg3 Dc4 27.Fe3 Tg4 28.Dh3
Cxe5 29.f4 Txf4 30.Fxf4 Dxf4 31.Tf2 Dg5 32.Taf1 Tc4 33.Te2 a5 34.De3 Dxe3+
35.Txe3 Cg4 36.Td3 Tc7 37.a4 f5 38.b3 Rf7 39.c4 dxc4 40.Tc3 Ce5 41.Tfc1 
Tc6 42.h4 g5 43.hxg5 hxg5 44.bxc4 Cd7 45.Rf2 Cc5 46.Ta3 g4 47.Re2 Rf6 48.
Td1 Ce4 49.Tc1 f4 50.Tb3 Cc5 51.Ta3 e5 52.Th1 Rf5 53.Th5+ Re4 54.Th4 Tg6 
55.Th1 g3 56.Th5 Rd4 57.Ta2 Te6 58.Th1 Cd3 59.Tc2 e4 60.Th8 f3+ 0-1

[Event "Novgorod"]
[Site "Novgorod RUS"]
[Date "1997.06.23"]
[Round "10"]
[White "Bareev, Evgeny"]
[Black "Topalov, Veselin"]
[Result "1/2-1/2"]
[WhiteElo "2665"]
[BlackElo "2725"]
[EventDate "1997.06.11"]

1.Cf3 Cf6 2.c4 g6 3.Cc3 Fg7 4.e4 d6 5.d4 O-O 6.Fe2 e5 7.O-O Cc6 8.d5 Ce7 
9.b4 Ch5 10.Te1 a5 11.Fa3 Cf4 12.Ff1 Fg4 13.h3 Fxf3 14.Dxf3 axb4 15.Fxb4 
c5 16.dxc6 Cxc6 17.a3 1/2-1/2

[Event "It"]
[Site "Dortmund GER"]
[Date "1997.07.04"]
[Round "1"]
[White "Huebner, Robert Dr"]
[Black "Topalov, Veselin"]
[Result "1/2-1/2"]
[WhiteElo "2580"]
[BlackElo "2745"]
[EventDate "1997.07.04"]

1.d4 Cf6 2.Cf3 g6 3.g3 d5 4.Fg2 Fg7 5.O-O O-O 6.c4 dxc4 7.Ca3 c3 8.bxc3 c5
9.e3 Cc6 10.De2 Ff5 11.Td1 Fe4 12.Fb2 Db6 13.Cc4 Da6 14.Ff1 Tfd8 15.Cfd2 
Fc2 16.Tdc1 Fa4 17.Cb3 Cd7 18.dxc5 Cce5 19.Cxe5 Dxe2 20.Fxe2 Cxe5 21.Cd4 
e6 22.Tab1 Ff8 23.Fa1 Tab8 24.c4 Cd7 25.c6 bxc6 26.Fd1 Txb1 27.Txb1 Fxd1 
28.Txd1 Cb6 29.Tc1 c5 30.Cb3 Fg7 31.Fxg7 Rxg7 32.Cxc5 1/2-1/2

[Event "It"]
[Site "Dortmund GER"]
[Date "1997.07.05"]
[Round "2"]
[White "Topalov, Veselin"]
[Black "Polgar, Judit"]
[Result "0-1"]
[WhiteElo "2745"]
[BlackElo "2670"]
[EventDate "1997.07.04"]

1.c4 Cf6 2.Cc3 d5 3.cxd5 Cxd5 4.g3 g6 5.Fg2 c6 6.Cf3 Fg7 7.O-O O-O 8.d4 
Fe6 9.Ca4 Ca6 10.Fd2 Tc8 11.e3 b5 12.Cc3 Cxc3 13.Fxc3 c5 14.a3 Fd5 15.b4 
cxb4 16.axb4 Db6 17.Ta3 Cb8 18.Da1 Tc7 19.Ch4 Fc4 20.Td1 Tfc8 21.Ff3 e6 
22.Cg2 Ff8 23.Fd2 Cc6 24.Ta6 Db8 25.Da3 Ce7 26.Ce1 Cd5 27.e4 Cb6 28.Ff4 
Db7 29.Fxc7 Txc7 30.Ta5 Ca4 31.Cd3 Fxd3 32.Txd3 Tc4 33.e5 Db6 34.Txa4 bxa4
35.Dxa4 Txd4 36.Ta3 Txb4 37.De8 Tb1+ 38.Rg2 Tb2 0-1

[Event "It"]
[Site "Dortmund GER"]
[Date "1997.??.??"]
[Round "3"]
[White "Gelfand, Boris"]
[Black "Topalov, Veselin"]
[Result "1/2-1/2"]
[WhiteElo "2695"]
[BlackElo "2745"]
[EventDate "1997.07.04"]

1.d4 Cf6 2.Cf3 g6 3.c4 Fg7 4.Cc3 O-O 5.e4 d6 6.Fe2 e5 7.Fe3 c6 8.d5 Ca6 9.
O-O Cg4 10.Fg5 f6 11.Fh4 c5 12.Ce1 h5 13.a3 De7 14.Tb1 b6 15.b4 Fd7 16.Cd3
g5 17.Fg3 f5 18.h3 Cf6 19.bxc5 Cxc5 20.Cxc5 bxc5 21.Fxh5 Cxh5 22.Dxh5 Fe8 
23.Df3 f4 24.Fh2 Ff6 25.g4 Dh7 26.Cb5 Td8 27.Rg2 Td7 28.De2 Fd8 29.f3 Fa5 
30.Tb3 Tf6 31.Db2 Tb7 32.Th1 Tb6 33.Cc3 Fg6 34.Tf1 Dh4 35.Txb6 axb6 36.Cb5
Ff7 37.Df2 Dh7 38.Th1 Fe8 39.Db2 Fxb5 40.Dxb5 Dh4 41.De8+ Rg7 42.De7+ Rg6 
43.De8+ Rg7 1/2-1/2

[Event "It"]
[Site "Dortmund GER"]
[Date "1997.07.09"]
[Round "5"]
[White "Topalov, Veselin"]
[Black "Short, Nigel D"]
[Result "1/2-1/2"]
[WhiteElo "2745"]
[BlackElo "2660"]
[EventDate "1997.07.04"]

1.e4 c5 2.Cf3 e6 3.Cc3 a6 4.d4 cxd4 5.Cxd4 b5 6.g3 Fb7 7.Fg2 Cf6 8.a3 d6 
9.O-O Dc7 10.Te1 Fe7 11.a4 b4 12.Ca2 O-O 13.Fg5 Cbd7 14.Dd2 a5 15.Cb5 Db6 
16.c3 Cc5 17.Fxf6 gxf6 18.Cd4 bxc3 19.Cxc3 Tab8 20.Ccb5 Tfd8 21.Dh6 d5 22.
e5 Cd7 23.exf6 Fxf6 24.Tad1 Fg7 25.Dh4 Tbc8 26.b3 Cc5 27.Te3 Ce4 28.Ff1 
Fa6 29.Fd3 f5 30.Fb1 Td7 31.Dh5 Tf7 32.Cf3 Fxb5 33.axb5 h6 34.Fd3 Tc3 35.
Dg6 Tf6 36.De8+ Tf8 37.Dg6 Tf6 38.De8+ Tf8 39.Dg6 Txb3 40.Fxe4 Txe3 41.
Fxd5 Tf6 42.De8+ Tf8 43.Dg6 1/2-1/2

[Event "It"]
[Site "Dortmund GER"]
[Date "1997.07.11"]
[Round "7"]
[White "Topalov, Veselin"]
[Black "Anand, Viswanathan"]
[Result "1-0"]
[WhiteElo "2745"]
[BlackElo "2765"]
[EventDate "1997.07.04"]

1.e4 c5 2.Cf3 d6 3.d4 cxd4 4.Cxd4 Cf6 5.Cc3 a6 6.Fg5 e6 7.f4 Dc7 8.Fxf6 
gxf6 9.Dd2 Cc6 10.O-O-O Fd7 11.Rb1 h5 12.Fc4 O-O-O 13.Cxc6 Dxc6 14.Fb3 Rb8
15.Thf1 Dc5 16.Dd3 h4 17.Dh3 Fe7 18.f5 De5 19.Tde1 Tde8 20.Ce2 Ff8 21.Cf4 
Th6 22.a3 Fb5 23.Cd3 Fxd3 24.cxd3 Th8 25.fxe6 fxe6 26.d4 Dxd4 27.Fxe6 Fg7 
28.Fd5 Te7 29.Td1 Da4 30.Td3 Tc8 31.Tb3 Tc5 32.Ra2 Dd4 33.Td3 Da4 34.Tb3 
Dd4 35.Tff3 f5 36.Tb4 Dd1 37.Td3 De1 38.Dxf5 a5 39.Tb6 Tc1 40.Df4 Ta1+ 41.
Rb3 Td7 42.Txd6 1-0

[Event "It"]
[Site "Dortmund GER"]
[Date "1997.07.13"]
[Round "9"]
[White "Topalov, Veselin"]
[Black "Jussupow, Artur"]
[Result "1-0"]
[WhiteElo "2745"]
[BlackElo "2640"]
[EventDate "1997.07.04"]

1.e4 e6 2.d4 d5 3.Cc3 Fb4 4.e5 Ce7 5.a3 Fxc3+ 6.bxc3 c5 7.Dg4 O-O 8.Fd3 f5
9.exf6 Txf6 10.Fg5 Tf7 11.Dh5 g6 12.Dd1 Da5 13.Fd2 Cbc6 14.Cf3 c4 15.Fe2 
Fd7 16.O-O Rg7 17.Dc1 Cg8 18.Ff4 Taf8 19.Fd6 Dxc3 20.a4 Cf6 21.Td1 Ce4 22.
Ta3 Da5 23.Fxf8+ Txf8 24.c3 Db6 25.Te1 Cd6 26.Fd1 Tf6 27.Ta2 Cf7 28.Da3 
Ca5 29.Ce5 Cxe5 30.Txe5 Dd8 31.Te3 Df8 32.Dc1 Cb3 33.Db1 Ca5 34.h3 b6 35.
Fg4 Dd6 36.De1 Cc6 37.h4 Cd8 38.g3 Cf7 39.Tae2 Cd8 40.Da1 Cc6 41.Tf3 Txf3 
42.Fxf3 Cd8 43.Fg4 Cf7 44.Te1 Rf6 45.Dc1 Re7 46.h5 Rf6 47.hxg6 hxg6 48.Rg2
Rg7 49.Fd1 De7 50.Fc2 Dg5 51.Dd1 Ch6 52.De2 Df6 53.Th1 Fe8 54.f4 g5 55.Tf1
Ff7 56.fxg5 Dxg5 57.Tf4 Fg8 58.De3 Rh8 59.Dc1 Rg7 60.Da3 Ff7 61.Dd6 Cg4 
62.Rf3 Cf6 63.De7 Dh5+ 64.Re3 Dg5 65.Re2 a6 66.Rd1 Dh5+ 67.Rc1 Cg8 68.Dc7 
b5 69.axb5 axb5 70.g4 Dh1+ 71.Rb2 Ch6 72.De5+ Rg8 73.Dg5+ Rf8 74.Dd8+ Rg7 
75.Df6+ 1-0